000 00592cam a22002053a 4500
001 43227
003 PGUSA
005 20140828084001.0
008 130716s2013||||xxu|||||s|||||000 | eng d
040 _aPGUSA
_beng
042 _adc
100 1 _aMorrey, Charles Bradfield
245 1 4 _aThe Fundamentals of Bacteriology
_h[electronic resource] /
_cCharles Bradfield Morrey
260 _bProject Gutenberg,
_c2013
506 _aPublic domain in the USA.
516 _aElectronic text
830 0 _aProject Gutenberg
_v43227
856 4 0 _uhttp://www.gutenberg.org/ebooks/43227
942 _cEB
999 _c272478
_d272478